000 00778nam a2200193 a 4500
001 000021802
005 20200930011445.0
008 100913s2004 dr a r 000 0 spa d
040 _aDO-SdBNP
_bspa
_cBNPHU
082 _axxxx
_bE85c
100 1 _aEtxarren, Eusebio
_945286
245 1 0 _aComunicación para el desarrollo local :
_bla experiencia de la Región Enriquillo /
_cEusebio Etxarren ; editor Fernando Ferrán ; presentación Claudio Tomasi.
260 _aSanto Domingo :
_bPrograma de las Naciones Unidas para el Desarrollo,
_c2004.
300 _a68 p. :
_bil. ;
_c23 cm.
500 _aIncluye referencias bibliográficas y notas al pie de las páginas
590 _aInventariado, 2019/BT
700 1 _aFerrán, Fernando,
_eed.
_935379
700 1 _aTomasi, Claudio
_945287
999 _c21300
_d21300